000 00702nas a2200229Ia 4500
001 A04/R039-11985 [r000009275]
003 IT-MiCISF
005 20230313140430.0
008 161014c99999999xx |||||||||||| ||und||
040 _aIT-MiCISF
_cIT-MiCISF
041 _ait
100 _aDi Nicola Paola
_959666
245 0 _aStato di malattia e recupero della salute: ruolo della famiglia e dei servizi
250 _a"Studi interdisciplinari sulla famiglia", n. 9.
260 _c1990
300 _app. 207-217
500 _aservizi-sanitari, salute, malattia, malato-in-famiglia, lavoro, ruoli-familiari
650 _asalute-cura
_956220
654 _aarticolo
942 _cCR
_2ddc
999 _c247154
_d247154
999 _bSi